Statistiques concernant Provinces françaises en 1789 avec une carte

Cliquez ici pour prendre le quiz!

Statistiques générales

  • Ce quiz a été pris 18 399 fois
  • Le résultat moyen est 17 sur 34

Réponses sur la Carte

Les réponses sont colorées sur une échelle allant du rouge au vert en fonction du pourcentage des utilisateurs qui les ont devinées à leur premier essai. Vous pouvez retrouver ces pourcentages ci-dessous.
 

Statistiques - réponses

Province% Correct
Bretagne
98%
Normandie
95%
Alsace
89%
Corse
87%
Aquitaine
84%
Grand-gouvernement de Lorraine-et-Barrois
79%
Bourgogne
75%
Provence
70%
Île-de-France
67%
Champagne
64%
Auvergne
59%
Franche-Comté
55%
Languedoc
53%
Picardie
50%
Flandre française
45%
Poitou
45%
Anjou
44%
Limousin
44%
Orléanais
41%
Roussillon
41%
Lyonnais
37%
Béarn
36%
Dauphiné
36%
Artois
33%
Maine-et-Perche
33%
Touraine
32%
Berry
30%
Bourbonnais
22%
Foix
22%
Saintonge
21%
Nivernais
20%
Angoumois
18%
Marche
16%
Aunis
15%

Distribution des résultats

Percentile par nombre de réponses

% des personnes avec chaque résultat

Votre développement - résultats

Vous n’avez pas pris ce quiz